Smeruje naše vysoké školstvo k európskej úrovni?
Rozhovor s poslancom M. Ftáčnikom o problémoch vysokých škôl. Otázky koncepcie rozvoja vysokého školstva. Previazanosť vysokých škôl na prax. Otázky prijatia nového vysokoškolského zákona a formulácia zásad, podľa ktorých by mal byť vypracovaný. Otázky úhrady za vysokoškolské štúdium.
Guardado en:
| Autor principal: | |
|---|---|
| Otros Autores: | |
| Formato: | Capítulo de libro |
| Lenguaje: | eslovaco |
| Materias: | |
| Etiquetas: |
Sin Etiquetas, Sea el primero en etiquetar este registro!
|
MARC
| LEADER | 00000naa a2200000 4500 | ||
|---|---|---|---|
| 001 | r027138 | ||
| 005 | 20230606082648.7 | ||
| 041 | 0 | |a slo | |
| 044 | |a SK | ||
| 245 | 1 | 0 | |a Smeruje naše vysoké školstvo k európskej úrovni? |c Milan Ftáčnik, Peter Greguš |
| 520 | |a Rozhovor s poslancom M. Ftáčnikom o problémoch vysokých škôl. Otázky koncepcie rozvoja vysokého školstva. Previazanosť vysokých škôl na prax. Otázky prijatia nového vysokoškolského zákona a formulácia zásad, podľa ktorých by mal byť vypracovaný. Otázky úhrady za vysokoškolské štúdium. | ||
| 610 | 2 | 0 | |a školstvo |
| 610 | 2 | 0 | |a školy vysoké |
| 610 | 2 | 0 | |a univerzity |
| 610 | 2 | 0 | |a zákony |
| 610 | 2 | 0 | |a Slovensko |
| 610 | 2 | 0 | |a koncepcie |
| 610 | 2 | 0 | |a štúdium vysokoškolské |
| 100 | 1 | |a Ftáčnik, Milan | |
| 700 | 1 | |a Greguš, Peter | |